Tous les cyclistes américains du Tour de France (2001-2020) - Statistiques

Statistiques générales
  • Ce quiz a été pris 89 fois
    44 depuis la dernière actualisation
  • Le résultat moyen est 12 sur 38
Statistiques - réponses
Nb de Tours Equipes Cycliste Meilleur classement Victoire(s) d'étape % Correct
7 US Postal, Discovery Channel, Astana, RadioShack Lance Armstrong Disqualifié
92%
9 Highroad, BMC, Education First Tejay van Garderen 5e
79%
3 Jumbo-Visma Sepp Kuss 15e 1
72%
12 US Postal, Discovery Channel, Columbia, BMC George Hincapie 17e
59%
2 EF Pro Cycling Neilson Powless 13e
56%
4 US Postal, CSC, Phonak Tyler Hamilton 4e 1
56%
5 US Postal, Phonak Floyd Landis 8e
51%
1 Movistar Matteo Jorgenson 21e
49%
2 UAE Team Emirates Brandon McNulty 20e
46%
10 Rabobank, Gerolsteiner, Discovery Channel, Astana, RadioShack, Quick Step Levi Leipheimer 12e
46%
4 Garmin, Cannondale Andrew Talansky 10e
41%
7 Lotto, Astana, RadioShack, Lampre Christopher Horner 9e
41%
3 Garmin Tom Danielson 8e
41%
5 Garmin, MTN-Qhubeka Tyler Farrar 151e 1
38%
7 CSC, Garmin David Zabriskie 77e
36%
10 US Postal, Liberty Seguros, CSC, Garmin Christian Vande Velde 4e
33%
1 Trek-Segafredo Quinn Simmons 67e
33%
1 DSM Kevin Vermaerke Abandon
31%
2 Cannondale, Education First Lawson Craddock 124e
28%
2 Cannondale, Education First Taylor Phinney 136e
28%
1 Astana Joe Dombrowski 43e
21%
2 Crédit Agricole Jonathan Vaughters Abandon
21%
5 Crédit Agricole, T-Mobile, CSC Bobby Julich 17e
18%
6 Domo-Farm Frites, Vini Caldirola, Lotto Fred Rodriguez 132e
15%
1 CCC Joey Rosskopf 73e
15%
4 BMC Brent Bookwalter 91e
13%
2 Sunweb Chad Haga 72e
13%
1 Deutsche Telekom Kevin Livingston 43e
13%
1 Qhubeka Sean Bennett 130e
10%
2 Garmin, Cannondale Alex Howes 127e
8%
2 Garmin, Dimension Data Benjamin King 53e
8%
4 Garmin, Highroad, Sky Danny Pate 95e
8%
1 Katusha-Alpecin Ian Boswell 79e
8%
2 BMC, Trek Peter Stetina 35e
8%
2 Cannondale Ted King Abandon
8%
1 Cannondale-Drapac Nathan Brown 43e
5%
1 Garmin-Chipotle William Frischkorn 133e
3%
1 Trek Factory Racing Matthew Busche 98e
0%
Aucun quiz correspondant
Distribution des résultats
% des personnes avec chaque résultat
Percentile par nombre de réponses
Votre historique - résultats
Vous n’avez pas pris ce quiz depuis la dernière actualisation